000 00417nam a22001577a 4500
003 OSt
005 20211130104731.0
008 211130b |||||||| |||| 00| 0 eng d
040 _cHawassa University
050 _a796.41/COO
_b1
082 _a796.41/COO
_b1
100 _aCooper,Phyllis
_95689
245 _aTeaching Gymnastic Skills to Men and Women
260 _bSurjeet Publications
_c1982
942 _2ddc
_cBOOKS
_n0
999 _c20710
_d20710